00530nam a2200097Ia 4500008004100000245023700041260003300278300001700311650001900328856008500347160712s9999 xx 000 0 und d aAmigo. (2010). Written and directed by John Sayles. Starring Chris Cooper, Garret Dillahunt, DJ Qualls, Lucas Neff, Yul Vazquez, Joel Torre, Bembol Roco, Pen Medina, Irma Adlawan, Rio Locsin. Produced by Maggie Renzi. United States. c2011bSocial Science Diliman avol. 7 no. 1 xSOCIAL SCIENCE uhttp://journals.upd.edu.ph/index.php/socialsciencediliman/issue/view/254/showToc